Información en derecho por parte del Rey contra Bartolomé de Quintana, sobre la alcabala que pretende del trigo que dice se vendió en Gibraltar en virtud de una provisión y licencia real para venderlo sin alcabalas

Detalles Bibliográficos
Otros Autores: Bartolome de la Quintana
Formato: Libro
Publicado: Gibraltar, s.f.
Materias:
Colección:Banco de datos
Acervo:Biblioteca Palafoxiana. Colección de Manuscritos
Descripción Física:2 f. ; 22 x 31.8 cm.
Tema general:Civil
LEADER 00563nam a22001450004500
035 |a 476 
245 1 0 |a Información en derecho por parte del Rey contra Bartolomé de Quintana, sobre la alcabala que pretende del trigo que dice se vendió en Gibraltar en virtud de una provisión y licencia real para venderlo sin alcabalas 
260 |a Gibraltar, s.f. 
300 |a 2 f. ; 22 x 31.8 cm. 
650 1 0 |a Civil 
700 1 |a Bartolome de la Quintana 
949 |a 19427/001 
942 |c PALAMANU 
943 |g Biblioteca Palafoxiana. Colección de Manuscritos 
999 |c 1068421  |d 1068421